Score 0/11 Timer 02:00
6 Plays Today
% Correct
Egypt
99.7%
Sudan
95.1%
Kenya
91.9%
South Sudan
91.7%
Ethiopia
91.3%
Tanzania
84.6%
Rwanda
84.3%
Eritrea
83.7%
Uganda
83.4%
Democratic Republic of the Congo
78.8%
Burundi
73.3%
Remove Ads.
Support Sporcle.
Get the best of Sporcle when you Go Orange. This ad-free experience offers more features, more stats, and more fun while also helping to support Sporcle. Thank you for becoming a member.

You're not logged in!

Compare scores with friends on all Sporcle quizzes.
OR
Log In

Sporcle TV

Today on Sporcle TV


Watch our educational content, quiz creation guides, and fun videos on Sporcle TV.

Show Comments

Extras

Top Quizzes Today


Score Distribution

Paid Content

Your Account Isn't Verified!

In order to create a playlist on Sporcle, you need to verify the email address you used during registration. Go to your Sporcle Settings to finish the process.

Report this User

Report this user for behavior that violates our Community Guidelines.

Details: